| 000 | 01260nam a22002057a 4500 | ||
|---|---|---|---|
| 999 |
_c57664 _d57664 |
||
| 003 | Ge_BSU | ||
| 005 | 20200901131700.0 | ||
| 008 | 200901s2018 ge ||||| |||| 00| 0 geo d | ||
| 020 | _a9941277436 | ||
| 041 | _ageo | ||
| 080 | _a342(075.8) კ-73 | ||
| 245 |
_aკონსტიტუციონალიზმი : _bზოგადი შესავალი. წიგნი I. / _cდ. ბატონიშვილის სამართლის ინსტიტუტი, სულხან-საბა ორბელიანის უნივერსიტეტი ; [ რედ. დ. გეგენავა ]. |
||
| 264 |
_aთბილისი : _bდ. ბატონიშვილის სამართლის ინსტიტუტის გამ-ბა, _c2018. |
||
| 300 |
_a307 გვ. _b20 სმ. |
||
| 504 | _aბიბლიოგ. 289-307 გვ. | ||
| 653 | _aსამართალი | ||
| 700 |
_aგეგენავა, დ. _eრედაქტორი _99360 |
||
| 710 |
_aდ. ბატონიშვილის სამართლის ინსტიტუტი _bსულხან-საბა ორბელიანის უნივერსიტეტი _99361 |
||
| 942 |
_2udc _cBK |
||